000 00635nam a2200181 i 4500
001 156451
003 ES-MaACL
005 20250603152408.0
008 991115s1870 fr |||| | fre d
040 _aCCPB | B
_bspa
_cCCPB | B
245 0 0 _aJournal du Concile de Trente
_b: rédigé par un secrétaire vénitien, présent aux sesions de 1562 a 1563 /
_cet publié par Armand Baschet.
260 _aParis :
_bHenri Plon,
_c1870.
300 _a273 p. ;
_c20 cm.
611 2 7 _aConcilio de Trento
_d(1545-1563)
_2
_9135069
700 0 _aBaschet, Armand.
_926261
852 _aES-MaACL
_jF-8507
_z-- Rúst.
999 _c156451
_d156451